000 00635nam a2200217 a 4500
999 _c3362
_d3362
001 3362
003 BD-JhCC
005 20171113104633.0
008 171113r1973 bg |||| ||a| 00| 0 en d
035 _a(BD-JhCC)3362
040 _aBD-JhCC
_dBD-JhCC
041 _aben
082 _a891.442
_bIBR 1973
100 _aইব্রাহিম, নীলমা
245 _aরোদজ্বলা বিকেল /
_cনীলমা ইব্রাহিম
260 _aঢাকা :
_bবাংলা একাডেমী,
_c1973.
300 _a86 p. :
_c21 cm.
505 _utajul
650 _aBengali Drama
942 _2ddc
_cBK